Изучение метода размерностей в курсе общей физики; Профессиональное образование XXI века: стратегии и перспективы развития, международное сотрудничество

Dades bibliogràfiques
Parent link:Профессиональное образование XXI века: стратегии и перспективы развития, международное сотрудничество.— 2012.— С. 169-172
Autor principal: Сухарев Е. М.
Idioma:rus
Publicat: 2012
Format: Capítol de llibre
KOHA link:https://koha.lib.tpu.ru/cgi-bin/koha/opac-detail.pl?biblionumber=267090

MARC

LEADER 00000naa2a2200000 4500
001 267090
005 20231031223705.0
035 |a (RuTPU)RU\TPU\book\290113 
035 |a RU\TPU\book\290112 
090 |a 267090 
100 |a 20140721a2012 k y0rusy50 ca 
101 0 |a rus 
102 |a RU 
200 1 |a Изучение метода размерностей в курсе общей физики  |f Е. М. Сухарев 
320 |a Библиогр.: с. 172 (6 назв.) 
463 0 |0 (RuTPU)RU\TPU\book\285548  |y 978-5-93461-551-3  |t Профессиональное образование XXI века: стратегии и перспективы развития, международное сотрудничество  |o сборник материалов международной научно-практической конференции, г. Новосибирск, 29-30 марта 2012 г.  |f Сибирский государственный университет путей сообщения (СГУПС) ; Российская академия образования (РАО), Институт развития образовательных систем (ИРОС) ; под ред. В. Ф. Глушкова  |v С. 169-172  |d 2012  |p 262 с. 
700 1 |a Сухарев  |b Е. М. 
801 1 |a RU  |b 63413507  |c 20140708 
801 2 |a RU  |b 63413507  |c 20140721  |g RCR 
942 |c BK